UBT Library

Bob Hope (Record no. 60740)

000 -LEADER
fixed length control field 00282nam a22001337a 4500
008 - FIXED-LENGTH DATA ELEMENTS--GENERAL INFORMATION
fixed length control field 251223b ||||| |||| 00| 0 eng d
020 ## - INTERNATIONAL STANDARD BOOK NUMBER
International Standard Book Number 0895310775
041 ## - LANGUAGE CODE
Language code of text/sound track or separate title eng
080 ## - UNIVERSAL DECIMAL CLASSIFICATION NUMBER
Universal Decimal Classification number 1st
100 ## - Rafti
Rafti 17
101 ## - Shkurtesa
Shkurtesa art
245 ## - TITLE STATEMENT
Title Bob Hope
Statement of responsibility, etc Piits Jr. Leonard
942 ## - ADDED ENTRY ELEMENTS (KOHA)
Source of classification or shelving scheme
Item type Books
Holdings
Withdrawn status Lost status Source of classification or shelving scheme Damaged status Not for loan Permanent location Current location Shelving location Date acquired Total Checkouts Barcode Date last seen Price effective from Koha item type
          UBT - Lipjan UBT - Lipjan Koleksioni i përgjithshem 12/23/2025   002800070999389 12/23/2025 12/23/2025 Books
UBT Library © 2015-2024. All rights reserved University Education for Business and Technology